| 000 | 00721nam a2200253 a 4500 | ||
|---|---|---|---|
| 001 | vtls000969215 | ||
| 003 | NLI | ||
| 005 | 20210627095144.0 | ||
| 008 | 120112s1955 enk 000 0 eng | ||
| 039 | 9 |
_y201201121808 _zEntertech_02 |
|
| 040 | 0 |
_aNLI _beng _cEntertech-2011 _eAACR2 |
|
| 041 | 0 | _aeng | |
| 044 | _aenk | ||
| 084 | _a108.B.179 | ||
| 100 | 1 |
_aNamier, Lewis, _q(Lewis Bernstein), _d1888-1960 _9909565 |
|
| 245 | 1 | 0 |
_aPersonalities and powers / _cLewis Namier |
| 260 |
_aLondon : _bHamish Hamilton, _c1955 |
||
| 300 |
_avii, 157 p. ; _c22 cm. |
||
| 650 | 0 |
_aHistory, Modern _9697459 |
|
| 887 | _a | ||
| 901 |
_a308029 : _b14.3.1956 |
||
| 902 | _a108.B.179 | ||
| 999 |
_aVIRTUA _c793142 _d793142 |
||
| 942 |
_2ddc _cBKS |
||